00702 2200241 4500001002100000005001500021035002000036007000300056008004100059020002200100082001000122084001600132100001800148245013800166250001000304260003400314300002200348650002100370700001700391520003000408990001100438990001100449INLIS00000000000452620191128104402 a0010-1119000153ta191128 g 0 ind  a978-602-14915-3-9 a371.1 a371.1 ZAK g0 aZAKIAH, Latif1 aGuru, Bawa Aku Ke Pintu Terdepan :b100 Kiat Membawa Siswa Berprestasi dan Unggul di Masa Depan /cZakiah Latif; editor, Lutfiyansyah acet.2 aJakarta :bEdu Pustaka,c2016 a282 hlm. ;c21 cm 4aPENDIDIKAN. GURU0 aLUTFIYANSYAH aBibliografi: hlm. 281-282 a7187 a a7187 b